000 00535nam a22001817a 4500
003 CEME
005 20210628202844.0
008 210203b xxu||||| |||| 00| 0 eng d
020 _a0-8031-2490-2
040 _c.
082 _a684.08 ALT
100 _aJacobs, Joshua J Craig, Thomas.L
_961985
245 _aAlternative bearing surfaces in total joint replacement
260 _aUSA
_bASTM
_c1998
300 _a278P
650 _aARTIFICIAL JOINTS- BEARINGS MATERIALS- CONGRESSES, TRIBOLOGY -CONGRESSES
_961986
942 _cBK
_2ddc
999 _c571242
_d571242